000 00711nam a2200253Ia 4500
001 36053
005 20240114001841.0
007 ta
008 070407s1992 a g b000 u 465 u
040 _aCotton College,Assam
041 _a465
082 _a621.3
_bpa 27 Re
100 _aPatel , A.N. .
245 0 _aRemote Sensing: Principles and Applications /
_cA.N.Patel & Surendra Singh.
_hTextual Documents
250 _a1st ed. /
260 _aJodhpur :
_bScinetific Publishers ,
_c1992.
300 _a161p. :
_bill ;
_c22cm .
653 _aRemote Sensing techniques
653 _aG-Technology
700 _aSingh, Surendra .
942 _2ddc
_cBK
999 _c36035
_d36035